Guide to franchising business in Malaysia : : all you need to know how to get started.
| Main Author: | |
|---|---|
| Format: | Book |
| Published: |
Petaling Jaya:
Leeds Publications,
2012.
|
| Subjects: |
| LEADER | 00553cam a2200169 7i4500 | ||
|---|---|---|---|
| 001 | 0000032241 | ||
| 005 | 20150407090000.0 | ||
| 020 | 0 | 0 | |a 9789833794836 |
| 090 | 0 | 0 | |a M 658.8708 |b NG |
| 100 | 1 | 0 | |a Ng, David S. H. |
| 245 | 1 | 0 | |a Guide to franchising business in Malaysia : : |b all you need to know how to get started. |
| 260 | 0 | 0 | |a Petaling Jaya: |b Leeds Publications, |c 2012. |
| 300 | # | # | |a 178 pages. |
| 650 | 0 | 0 | |a Entrepreneurship |
| 650 | 0 | 0 | |a Success in business |
| 650 | 0 | 0 | |a Franchises (Retail trade) |
| 999 | |a B000036008 |b Book |c Malaysia |e Business Information Centre | ||


